| 000 | 00406nam a22001697a 4500 | ||
|---|---|---|---|
| 999 |
_c533338 _d533338 |
||
| 003 | NUST | ||
| 005 | 20191226123849.0 | ||
| 020 | _a0978069552 | ||
| 024 | _a978-0978069551 | ||
| 038 | _aMSOHAIL | ||
| 082 | _a891.43930876 | ||
| 100 |
_aMusharraf Ali Farooqi _99444 |
||
| 245 | _aHoshruba: The Land and the Tilism | ||
| 260 |
_aNew Delhi _bRandam House _cc2009 |
||
| 300 | _a447;p;xv | ||
| 942 |
_2ddc _cBK |
||